La posición de la aguja en el reloj profético : (Record no. 4308)
[ view plain ]
| 000 -CABECERA | |
|---|---|
| campo de control de longitud fija | 00944nam a2200265 u 4500 |
| 001 - NÚMERO DE CONTROL | |
| campo de control | 000004499 |
| 005 - FECHA Y HORA DE LA ÚLTIMA TRANSACCIÓN | |
| campo de control | 20250725140219.0 |
| 008 - DATOS DE LONGITUD FIJA--INFORMACIÓN GENERAL | |
| campo de control de longitud fija | 090723s2001 dr a 001 0 spa d |
| 040 ## - FUENTE DE LA CATALOGACIÓN | |
| Centro catalogador/agencia de origen | DO-SdBNP |
| Lengua de catalogación | spa |
| Centro/agencia transcriptor | BNPHU |
| 082 ## - NÚMERO DE LA CLASIFICACIÓN DECIMAL DEWEY | |
| Número de clasificación | 113 |
| Número de documento/Ítem | E42p, 2001 |
| 100 0# - ENTRADA PRINCIPAL--NOMBRE DE PERSONA | |
| Nombre de persona | [Elías] |
| 9 (RLIN) | 1847 |
| 245 13 - MENCIÓN DE TÍTULO | |
| Título | La posición de la aguja en el reloj profético : |
| Resto del título | el imperio mundial de la profecía / |
| Mención de responsabilidad, etc. | Elías ; prólogo Gaetano Herrera. |
| 250 ## - MENCIÓN DE EDICIÓN | |
| Mención de edición | 2a. ed. |
| 260 ## - PUBLICACIÓN, DISTRIBUCIÓN, ETC. | |
| Lugar de publicación, distribución, etc. | Santo Domingo : |
| Nombre del editor, distribuidor, etc. | Solar, |
| Fecha de publicación, distribución, etc. | 2001. |
| 300 ## - DESCRIPCIÓN FÍSICA | |
| Extensión | 252 p. : |
| Otras características físicas | il. ; |
| Dimensiones | 23 cm. |
| 490 1# - MENCIÓN DE SERIE | |
| Mención de serie | La voz del séptimo ángel |
| 590 ## - NOTA LOCAL (RLIN) | |
| Nota local | La biblioteca posee 1 ejemplar autografiado por el autor |
| 590 ## - NOTA LOCAL (RLIN) | |
| Nota local | Inventariado, 2018/LP |
| 650 #0 - PUNTO DE ACCESO ADICIONAL DE MATERIA--TÉRMINO DE MATERIA | |
| Término de materia o nombre geográfico como elemento de entrada | Cosmología |
| 9 (RLIN) | 1848 |
| 650 #4 - PUNTO DE ACCESO ADICIONAL DE MATERIA--TÉRMINO DE MATERIA | |
| Término de materia o nombre geográfico como elemento de entrada | Filosofía de la naturaleza |
| 9 (RLIN) | 1849 |
| 650 #4 - PUNTO DE ACCESO ADICIONAL DE MATERIA--TÉRMINO DE MATERIA | |
| Término de materia o nombre geográfico como elemento de entrada | Simbolismo en la biblia |
| 9 (RLIN) | 1850 |
| 700 1# - PUNTO DE ACCESO ADICIONAL--NOMBRE DE PERSONA | |
| Nombre de persona | Herrera P., Gaetano, |
| Término indicativo de función/relación | prólogo |
| 9 (RLIN) | 1851 |
| 830 #0 - PUNTO DE ACCESO ADICIONAL DE SERIE-TÍTULO UNIFORME | |
| Título uniforme | La voz del séptimo ángel |
| 9 (RLIN) | 1852 |
| 910 ## - DATOS DE OPCIÓN DEL USUARIO (OCLC) | |
| Datos de opción del usuario | Validado. Control de calidad EMS |
| Estado de retiro | Estado de pérdida | Restricciones de uso | No para préstamo | Código de colección | Localización permanente | Ubicación/localización actual | Ubicación en estantería | Fecha de adquisición | Número de inventario | Total de préstamos | Signatura topográfica completa | Código de barras | Fecha visto por última vez | Precio válido a partir de | Tipo de ítem Koha | Número de copia | Nota pública |
|---|---|---|---|---|---|---|---|---|---|---|---|---|---|---|---|---|---|
| Préstamo especial | Patrimonio Dominicano | General | General | Cancelado | 04.09.2013 | LF1 | 113 E42p, 2001 | 4499-60 | 25.06.2020 | 25.06.2020 | Libro y Folleto Colección Patrimonio Dominicano | ||||||
| Dominicana de Servicio | General | General | Depósito | 23.07.2009 | LF1 | 113 E42p, 2001 | 4499-30 | 25.06.2020 | 25.06.2020 | Libro y Folleto Colección Dominicana de Servicio | e. 3 | ||||||
| Dominicana de Servicio | General | General | Depósito | 23.07.2009 | LF1 | 113 E42p, 2001 | 4499-40 | 25.06.2020 | 25.06.2020 | Libro y Folleto Colección Dominicana de Servicio | e. 4 | ||||||
| Dominicana de Servicio | General | General | Depósito | 23.05.2013 | LF1 | 113 E42p, 2001 | 4499-50 | 25.06.2020 | 25.06.2020 | Libro y Folleto Colección Dominicana de Servicio | e. 5 | ||||||
| Excluido de préstamo | Patrimonio Dominicano | Patrimonio Dominicano | Patrimonio Dominicano | Depósito | 23.07.2009 | LF1 | 113 E42p, 2001 | 4499-10 | 25.06.2020 | 25.06.2020 | Libro y Folleto Colección Patrimonio Dominicano | Dedicado | |||||
| Excluido de préstamo | Patrimonio Dominicano | Patrimonio Dominicano | Patrimonio Dominicano | Depósito | 23.07.2009 | LF1 | 113 E42p, 2001 | 4499-20 | 25.06.2020 | 25.06.2020 | Libro y Folleto Colección Patrimonio Dominicano | e. 2 |
